000
00262nam a2200109Ia 4500
008
220120s9999||||xx |||||||||||||| ||und||
082
_a
629.8 JAI
100
_a
Jairath, A.K
245
0
_a
Problems and solutions of control systems
260
_c
1999
300
_b
0
999
_c
136609
_d
136609